Statistiche per Riconosci lo Stato - Quiz n°150

Clicka qui per fare il quiz!

Statistiche generali

  • Questo quiz è stato fatto 7 volte
  • Il punteggio medio è 11 su 13

Statistiche sulle risposte

IndizioRisposta% Corretto
Popolazione1 222 442 ab.
100%
ValutaFranco CFA
100%
Iniziale della CapitaleM
100%
Superficie28 051 km²
86%
Primo ministroManuela Roka Botey
86%
Forma di GovernoRepubblica presidenziale
86%
Fuso OrarioUTC+1
86%
ISU0,537
71%
PIL (nominale)17 694 milioni di $
71%
Tasso di crescita2,607%
71%
Indipendenzadalla Spagna, 12 ottobre 1968
71%
RispostaGuinea Equatoriale
71%
Presidente della RepubblicaTeodoro Obiang Nguema Mbasogo
71%

Distribuzione punteggi

Percentile per numero di risposta

Percentuale di utenti per punteggio

I tuoi punteggi nel tempo

Non hai fatto questo quiz